basha- Rahasya / (Record no. 12315)
[ view plain ]
| 000 -LEADER | |
|---|---|
| fixed length control field | 00301cam a2200133ua 4500 |
| 041 ## - LANGUAGE CODE | |
| Language code of text/sound track or separate title | hin |
| 082 ## - DEWEY DECIMAL CLASSIFICATION NUMBER | |
| Classification number | 891.54 |
| Item number | YAH/BA |
| 100 ## - MAIN ENTRY--AUTHOR NAME | |
| Personal name | Yahamandir , Das . |
| 245 ## - TITLE STATEMENT | |
| Title | basha- Rahasya / |
| 300 ## - PHYSICAL DESCRIPTION | |
| Number of Pages | 362 ; . |
| 942 ## - ADDED ENTRY ELEMENTS (KOHA) | |
| Koha item type | Books |
| Withdrawn status | Lost status | Damaged status | Home library | Current library | Date acquired | Full call number | Accession Number | Koha item type | Public note |
|---|---|---|---|---|---|---|---|---|---|
| Withdrawn | KAUAET | KAUAET | 07/04/2012 | 891.54 | 2967 | Books | Deleted |
